000 00894nam a2200205Ia 4500
003 OSt
005 20241011134557.0
007 ca aa aaaaa
008 201103s9999 xx 000 0 und d
040 _cSSBUL
041 _abur
082 _223
_a၂၉၄.၃၄၃၅၀၉ ရွှေ
_bS-SAT
245 1 0 _aရွှေမောဓောသမိုင်း /
_cဖြည့်စွက်သူ ဦးသက်တင်။
250 _a ဒုတိယအကြိမ်။
260 _aရန်ကုန် ၊
_bစာပေဗိမာန်ပုံနှိပ်တိုက်၊
_c၁၉၅၅။
300 _aဂ၊ ၁၂၆ စာမျက်နှာ ၊
_bပုံ၊ မြေပုံ ၊
_c၁၈ စင်တီ။
500 _aS-SAT: Dr. Sai Aung Tun
650 _aရွှေမောဓောဘုရား
_vသမိုင်း
_955043
942 _2ddc
_cBK1
999 _c17004
_d17004